Great illustarted classics : (Record no. 48078)

MARC details
000 -LEADER
fixed length control field 00526nam a22001697a 4500
005 - DATE AND TIME OF LATEST TRANSACTION
control field 20180808142259.0
008 - FIXED-LENGTH DATA ELEMENTS--GENERAL INFORMATION
fixed length control field 100930t xxu||||| |||| 00| 0 eng d
020 ## - INTERNATIONAL STANDARD BOOK NUMBER
International Standard Book Number 7009700224
035 ## - SYSTEM CONTROL NUMBER
System control number 819287,A-819025
082 ## - DEWEY DECIMAL CLASSIFICATION NUMBER
Classification number S
100 ## - MAIN ENTRY--PERSONAL NAME
Personal name Kipling,Rudyard
9 (RLIN) 22543
245 ## - TITLE STATEMENT
Title Great illustarted classics :
Statement of responsibility, etc by Rudyard Kipling; Illustrated by Ken Landgraf
Remainder of title Captains courageous /
260 ## - PUBLICATION, DISTRIBUTION, ETC. (IMPRINT)
Place of publication, distribution, etc New York
Name of publisher, distributor, etc Baronet Books
Date of publication, distribution, etc n.d
300 ## - PHYSICAL DESCRIPTION
Extent 238p.
Dimensions 20cm (Hb)
Other physical details ill.
700 ## - ADDED ENTRY--PERSONAL NAME
Personal name Landgraf,Ken
9 (RLIN) 22544
942 ## - ADDED ENTRY ELEMENTS (KOHA)
Source of classification or shelving scheme Dewey Decimal Classification
Item type Children Books
Classification part S
Call number suffix KIP
Holdings
Withdrawn status Lost status Source of classification or shelving scheme Damaged status Not for loan Collection code Home library Current library Date acquired Total Checkouts Full call number Barcode Date last seen Copy number Koha item type
    Dewey Decimal Classification   Not For Loan Fiction Patel Nagar Patel Nagar 30/09/2010   S KIP A-819287 30/09/2010 1 Children Books

© Delhi Public Library
Hit Counter
free hit counter